000
00258nam a2200121Ia 4500
008
180304s9999 xx 000 0 und d
020
_a
9788178092294
100
_a
Lewis Timberlake
245
0
_a
Born to win
260
_b
Magna
365
_b
175
942
_c
BK
999
_c
2806
_d
2806